| 000 | 00458nam a22001697a 4500 | ||
|---|---|---|---|
| 003 | BD-ChCU | ||
| 005 | 20260510120201.0 | ||
| 008 | 260510b bg ||||| |||| 00| 0 ben d | ||
| 040 | _cBD-ChCU | ||
| 082 | _a523.1 TRS | ||
| 100 |
_aTrue , Webster P. _922681 |
||
| 245 |
_aThe structure of the Universe ./ _cWebster p . True . |
||
| 260 |
_aNew York : _bSimon and Schuster _cC 1960 |
||
| 300 | _av. 1. | ||
| 650 | 0 |
_aUniverse . _922683 |
|
| 942 |
_2ddc _cBK _n0 |
||
| 999 |
_c112824 _d112824 |
||